Pays du monde - Statistiques

Statistiques générales
  • Ce quiz a été pris 51 fois
  • Le résultat moyen est 160 sur 196
Statistiques - réponses
Réponse % Correct
Canada
97%
Japon
97%
Allemagne
95%
Chine
95%
Corée du Sud
95%
Etats-Unis
95%
Finlande
95%
France
95%
Inde
95%
Mexique
95%
Royaume-Uni
95%
Russie
95%
Suède
95%
Afghanistan
92%
Corée du Nord
92%
Cuba
92%
Danemark
92%
Équateur
92%
Irak
92%
Iran
92%
Irlande
92%
Israël
92%
Jordanie
92%
Luxembourg
92%
Monaco
92%
Norvège
92%
Pakistan
92%
Pérou
92%
Viêt Nam
92%
Albanie
89%
Algérie
89%
Andorre
89%
Arménie
89%
Australie
89%
Belgique
89%
Chili
89%
Colombie
89%
Croatie
89%
Espagne
89%
Estonie
89%
Islande
89%
Koweït
89%
Laos
89%
Lettonie
89%
Oman
89%
Panama
89%
Qatar
89%
Tunisie
89%
Turquie
89%
Uruguay
89%
Yémen
89%
Afrique du Sud
87%
Arabie Saoudite
87%
Autriche
87%
Égypte
87%
Grèce
87%
Indonésie
87%
Liban
87%
Lituanie
87%
Maroc
87%
Mongolie
87%
Nouvelle-Zélande
87%
Paraguay
87%
Philippines
87%
Portugal
87%
Sénégal
87%
Serbie
87%
Slovénie
87%
Soudan
87%
Ukraine
87%
Angola
84%
Bahamas
84%
Bolivie
84%
Comores
84%
Costa Rica
84%
Gambie
84%
Guinée
84%
Guyana
84%
Haïti
84%
Honduras
84%
Jamaïque
84%
Madagascar
84%
Malaisie
84%
Moldavie
84%
Monténégro
84%
Népal
84%
Pologne
84%
Somalie
84%
Suisse
84%
Taïwan
84%
Thaïlande
84%
Vatican
84%
Venezuela
84%
Argentine
82%
Bangladesh
82%
Belize
82%
Bhoutan
82%
Biélorussie
82%
Birmanie
82%
Bosnie-Herzégovine
82%
Brésil
82%
Chypre
82%
Émirats arabes unis
82%
Guatemala
82%
Hongrie
82%
Île Maurice
82%
Italie
82%
Macédoine
82%
Maldives
82%
Nicaragua
82%
République dominicaine
82%
République tchèque
82%
Rwanda
82%
Slovaquie
82%
Soudan du Sud
82%
Syrie
82%
Tanzanie
82%
Turkménistan
82%
Bahreïn
79%
Bulgarie
79%
Cambodge
79%
Cameroun
79%
Djibouti
79%
Dominique
79%
Éthiopie
79%
Géorgie
79%
Guinée équatoriale
79%
Kenya
79%
Libye
79%
Liechtenstein
79%
Mali
79%
Malte
79%
Ouzbékistan
79%
République démocratique du Congo
79%
République du Congo
79%
Roumanie
79%
Singapour
79%
Sri Lanka
79%
Togo
79%
Azerbaïdjan
76%
Bénin
76%
Brunei
76%
Érythrée
76%
Gabon
76%
Kazakhstan
76%
Kirghizistan
76%
Kosovo
76%
Lesotho
76%
Namibie
76%
Ouganda
76%
Papouasie-Nouvelle- Guinée
76%
Pays-Bas
76%
République Centrafricaine
76%
Sainte-Lucie
76%
Saint-Marin
76%
Seychelles
76%
Sierra Leone
76%
Suriname
76%
Tadjikistan
76%
Zambie
76%
Burundi
74%
Côte d'Ivoire
74%
Fidji
74%
Mauritanie
74%
Niger
74%
Timor oriental
74%
Zimbabwe
74%
Ghana
71%
Guinée-Bissau
71%
Liberia
71%
Malawi
71%
Mozambique
71%
Nauru
71%
Salvador
71%
Tchad
71%
Tonga
71%
Tuvalu
71%
Antigua-et-Barbuda
68%
Burkina Faso
68%
Cap-Vert
68%
Micronésie
68%
Nigeria
68%
Saint-Vincent-et-les- Grenadines
68%
Samoa
68%
Barbade
66%
Botswana
66%
Saint-Christophe- et-Niévès
66%
Swaziland
66%
Îles Marshall
63%
Salomon
63%
Grenade
61%
Kiribati
61%
Palaos
61%
Sao Tomé-et-Principe
61%
Trinité-et-Tobago
61%
Vanuatu
61%
Aucun quiz correspondant
Distribution des résultats
% des personnes avec chaque résultat
Percentile par nombre de réponses
Votre historique - résultats
Vous n’avez pas pris ce quiz